Контакт (Запис номер 205354)
[ съкратено ]
| 000 -Лидер | |
|---|---|
| Контролно поле с фиксирана дължина | 01389nam a2200361 c 4500 |
| 003 - Код на организацията, давaща контролен номер | |
| Контролно поле | BLK |
| 005 - Дата и час на последна редакция | |
| Контролно поле | 20241213133441.0 |
| 008 - Елементи от данни с фиксирана дължина | |
| fixed length control field | 180411b bul|||||r ||||||| ||bul|| |
| 010 ## - Наследен системен номер | |
| LC control number | KNG00214959000 |
| 020 ## - Международен стандартен номер на книга ISBN | |
| Международен стандартен номер на книга ISBN | 978-954-655-770-4 |
| -- | издат.: Бард |
| 040 ## - Източник на каталожния запис | |
| Идентификатор на билиотеката - собственик на записа | BLK |
| 041 ## - Код за език | |
| Код за езика на текст/звукозапис или на отделно заглавие | Български |
| Код за езика КДБФ | Български |
| 072 #7 - Код за тематичната категория | |
| Код организация | bullib |
| Код за тематична категория | Н8302 |
| Текст | Фантастика Н |
| 080 ## - УДК | |
| Текстов определител УДК | Американска литература (на САЩ) |
| УДК код - определител по УДК | 821.111(73) |
| УДК определител | -312.9 |
| УДК - код + определител | 821.111(73)-312.9 |
| 100 1# - Редна дума - Автор | |
| Автор | Сейгън, Карл |
| Авторска отговорност | първи автор |
| R(LIN) | 119422 |
| 139 ## - Редно поле | |
| Редна дума | Сейгън, Карл |
| Авторски знак | Се - С 30 |
| 245 10 - Сведения за заглавието | |
| Заглавие | Контакт |
| Подзаглавни данни | Роман |
| Редно поле (дума) | Карл Сейгън; прев. от англ. Валерий Любенов Русинов. |
| 257 ## - Страна на издаване | |
| Страна на създаване/издаване | България |
| 260 ## - Област на издателските данни | |
| -- | София |
| Име на издателя, разпространителя и проч. | Бард |
| Година на издаване | 2017 |
| Печатница | София : Алианс принт |
| 300 ## - Физическа характеристика | |
| Страници | 415 с. |
| Размери/Мащаб | 21 см |
| 380 ## - Жанр | |
| Жанр | Худож. лит. |
| 500 ## - Общи забележки | |
| Забележка | 1. изд. 1998 в Серия 3000. - Ориг. загл. Contact / Carl Sagan. - За автора. |
| 653 ## - Ключова дума – ненормативна | |
| Ключова дума | фантастика |
| 653 ## - Ключова дума – ненормативна | |
| Ключова дума | романи |
| 659 ## - Тематичен бюлетин | |
| Тематичен бюлетин | Н |
| 700 1# - Други автори (авторска отговорност) | |
| Лично име | Русинов, Валерий Любенов |
| 9 (RLIN) | 117706 |
| 852 ## - Местоположение | |
| Форматна сигнатура | Цб 288560 |
| 856 4# - Електронен адрес и достъп | |
| Електронен формат | pdf - файл |
| Път до файла /url/ | |
| 856 4# - Електронен адрес и достъп | |
| Електронен формат | pdf - файл |
| Път до файла /url/ | |
| 942 ## - АРТИКУЛИ | |
| Вид на библиотечния материал | Книги |
| Скрит в OPAC | Не |
| Koha issues (borrowed), all copies | 5 |
| 944 ## - СЪЗДАВАНЕ И РЕДАКЦИЯ на ЗАПИСА | |
| Създаване/Редакция | Създаване |
| Дата на регистрацията/редакция | 17.12.2017 |
| Статус, дата на статуса | Геновева Генчева |
| Служител, извършил регистрацията/редакцията | 30560 |
| 944 ## - СЪЗДАВАНЕ И РЕДАКЦИЯ на ЗАПИСА | |
| Създаване/Редакция | Редакция |
| Дата на регистрацията/редакция | 08.02.2018 |
| Статус, дата на статуса | ф / |
| Служител, извършил регистрацията/редакцията | Людмила_Стоянова |
| 999 ## - СИСТЕМНИ КОНТРОЛНИ НОМЕРА | |
| Koha biblionumber | 205354 |
| Koha biblioitemnumber | 205354 |
| Код за отписване | Код за изгубен артикул | Източник на класификационната схема | Код за повреда | Коз за рестрикции | Код за отдаване | Артикулен № | Име на библиотеката - собственик | Име на библиотеката, в която се намира в момента | Статус (Текущо местоположение) | Дата на вписване в системата | Местоположение - отдел | Цена в лева | Инвентарен номер | Систематично азбучна сигнатура | Баркод | Номер на екземпляра | Цена в евро | Служебна бележка | Служебен тип на артикула |
|---|---|---|---|---|---|---|---|---|---|---|---|---|---|---|---|---|---|---|---|
| Не е изгубен | Universal Decimal Classification | Не е повреден | без рестрикции | заемане за дома | 353636 | Регионална библиотека "Любен Каравелов" Русе | Регионална библиотека "Любен Каравелов" Русе | Заемна - подръчен фонд | 2017-12-15 | Заемна - подръчен фонд | 19.99 | 120000818263 | П 820(73)-31/С 30 | 120000818263 | 1 | 10.22 | Дост: Pk Вид: Ф N: 498 Дата: 15.12.2017 Дата инв: 15.02.2018 Бележки инв: П2018 | Книги | |
| Не е изгубен | Не е повреден | без рестрикции | ползва се в читалня | 353637 | Регионална библиотека "Любен Каравелов" Русе | Регионална библиотека "Любен Каравелов" Русе | Хранилище | 2018-01-16 | Хранилище | 19.99 | 120000819100 | Цб 288560 | 120000819100 | 2 | 10.22 | Дост: Dp Вид: Д N: 50 Дата: 22.11.2017 | Книги |